A-Z Catégorie : Sports - Statistiques

Statistiques générales
  • Ce quiz a été pris 68 fois
    13 depuis la dernière actualisation
  • Le résultat moyen est 11 sur 26
Statistiques - réponses
Hint Réponse % Correct
J Ancien joueur brésilien de Lyon connu pour ses coups francs Juninho
80%
R Plus grand judoka de tous les temps Teddy Riner
80%
G Entraineur légendaire de Barcelone et Manchester City Pep Guardiola
70%
X Prénom d’un jeune international néerlandais formé au FC Barcelone, c’était l’une des pépites les plus observées du monde du football Xavi
70%
Z Danse pratiquée notamment par les mamans ( dont la mienne ) Zumba
70%
Y Seul gardien à avoir obtenu un ballon d’Or Lev Yachine
60%
V Prénom de la sœur d’une des plus grandes joueuses de tennis de tous les temps Venus
60%
E Prénom du compatriote de H, le Cyborg Erling
50%
O Pilote actuel français de F1, avec un GP au compteur Esteban Ocon
50%
P Seule française triple championne olympique d’athlétisme ( 200-400m) Marie-José Pérec
50%
T Art martial coréen Taekwondo
50%
U Sport avec un frisbee Ultimate
50%
I Président de la FIFA Gianni Infantino
40%
A Basketteur jouant au Milwaukee Bucks, son nom est difficile à prononcer Giannis Antetokounmpo
40%
M Français qui est fort en décathlon Kévin Mayer
40%
W Joueur de tennis suisse ayant remporté Roland-Garros en 2015 Stan Wawrinka
40%
H Première femme à remporter le Ballon d’Or Ada Hegerberg
30%
N Un des plus grands joueurs de volleyball français de la décennie Earvin Ngapeth
30%
D Basketteur slovène Luka Dončić
30%
F Biathlète qui est aussi le Français le plus médaillé au JO Quentin Fillon-Maillet
30%
Q Cycliste colombien emblématique de Movistar ayant terminé à trois reprises sur le podium du Tour de France dans les années 2010 Nairo Quintana
20%
B Perchiste célèbre, connu pour avoir battu 35 fois le record de sa discipline ( c’est pas Duplantis ) Sergueï Bubka
20%
C ADC ravageur de KarmineCorp Caliste
10%
S Plus grand surfeur de tous les temps Kelly Slater
10%
L Plus jeune champion du monde de l’histoire des fléchettes Luke Littler
10%
K Recordman du monde du marathon Kelvin Kiptum
0%
Aucun quiz correspondant
Distribution des résultats
% des personnes avec chaque résultat
Percentile par nombre de réponses
Votre historique - résultats
Vous n’avez pas pris ce quiz depuis la dernière actualisation